<?xml version="1.0" encoding="UTF-8"?>
<collection xmlns="http://www.loc.gov/MARC21/slim">
 <record>
  <leader>01956aam a22002898a 4500</leader>
  <controlfield tag="001">NCT_13376</controlfield>
  <controlfield tag="008">141125s2004              ||||||eng d</controlfield>
  <datafield tag="999" ind1=" " ind2=" ">
   <subfield code="c">638</subfield>
   <subfield code="d">638</subfield>
  </datafield>
  <datafield tag="020" ind1=" " ind2=" ">
   <subfield code="a">0194579186</subfield>
   <subfield code="c">186000</subfield>
  </datafield>
  <datafield tag="082" ind1="0" ind2="4">
   <subfield code="2">23rd ed.</subfield>
   <subfield code="a">420</subfield>
   <subfield code="b">G666</subfield>
  </datafield>
  <datafield tag="100" ind1="1" ind2=" ">
   <subfield code="a">Gore, Sylee</subfield>
  </datafield>
  <datafield tag="245" ind1="1" ind2="0">
   <subfield code="a">English for marketing and advertising</subfield>
   <subfield code="c">Sylee Gore</subfield>
  </datafield>
  <datafield tag="260" ind1=" " ind2=" ">
   <subfield code="a">Oxford (New York)</subfield>
   <subfield code="b">Oxford University Press</subfield>
   <subfield code="c">2007</subfield>
  </datafield>
  <datafield tag="300" ind1=" " ind2=" ">
   <subfield code="a">80 p.</subfield>
   <subfield code="b">col. ill.</subfield>
   <subfield code="c">26 cm</subfield>
   <subfield code="e">1 CD-ROM (4 3/4 in.)</subfield>
  </datafield>
  <datafield tag="490" ind1=" " ind2=" ">
   <subfield code="a">Express series</subfield>
  </datafield>
  <datafield tag="653" ind1=" " ind2=" ">
   <subfield code="a">Khoa học cơ bản</subfield>
  </datafield>
  <datafield tag="942" ind1=" " ind2=" ">
   <subfield code="2">ddc</subfield>
   <subfield code="c">BK</subfield>
  </datafield>
  <datafield tag="952" ind1=" " ind2=" ">
   <subfield code="0">0</subfield>
   <subfield code="1">0</subfield>
   <subfield code="2">ddc</subfield>
   <subfield code="4">0</subfield>
   <subfield code="6">420_000000000000000_G666</subfield>
   <subfield code="7">0</subfield>
   <subfield code="9">4705</subfield>
   <subfield code="a">000001</subfield>
   <subfield code="b">000001</subfield>
   <subfield code="d">2017-11-29</subfield>
   <subfield code="l">1</subfield>
   <subfield code="o">420 G666</subfield>
   <subfield code="p">MD.03403</subfield>
   <subfield code="r">2018-01-03</subfield>
   <subfield code="s">2017-12-19</subfield>
   <subfield code="v">186000.00</subfield>
   <subfield code="w">2017-11-29</subfield>
   <subfield code="y">BK</subfield>
  </datafield>
  <datafield tag="952" ind1=" " ind2=" ">
   <subfield code="0">0</subfield>
   <subfield code="1">0</subfield>
   <subfield code="2">ddc</subfield>
   <subfield code="4">0</subfield>
   <subfield code="6">420_000000000000000_G666</subfield>
   <subfield code="7">0</subfield>
   <subfield code="9">4706</subfield>
   <subfield code="a">000001</subfield>
   <subfield code="b">000001</subfield>
   <subfield code="d">2017-11-29</subfield>
   <subfield code="o">420 G666</subfield>
   <subfield code="p">MD.03404</subfield>
   <subfield code="r">2017-11-29</subfield>
   <subfield code="v">186000.00</subfield>
   <subfield code="w">2017-11-29</subfield>
   <subfield code="y">BK</subfield>
  </datafield>
  <datafield tag="952" ind1=" " ind2=" ">
   <subfield code="0">0</subfield>
   <subfield code="1">0</subfield>
   <subfield code="2">ddc</subfield>
   <subfield code="4">0</subfield>
   <subfield code="6">420_000000000000000_G666</subfield>
   <subfield code="7">0</subfield>
   <subfield code="9">4707</subfield>
   <subfield code="a">000001</subfield>
   <subfield code="b">000001</subfield>
   <subfield code="d">2017-11-29</subfield>
   <subfield code="o">420 G666</subfield>
   <subfield code="p">MD.03405</subfield>
   <subfield code="r">2017-11-29</subfield>
   <subfield code="v">186000.00</subfield>
   <subfield code="w">2017-11-29</subfield>
   <subfield code="y">BK</subfield>
  </datafield>
  <datafield tag="952" ind1=" " ind2=" ">
   <subfield code="0">0</subfield>
   <subfield code="1">0</subfield>
   <subfield code="2">ddc</subfield>
   <subfield code="4">0</subfield>
   <subfield code="6">420_000000000000000_G666</subfield>
   <subfield code="7">0</subfield>
   <subfield code="9">4708</subfield>
   <subfield code="a">000001</subfield>
   <subfield code="b">000001</subfield>
   <subfield code="d">2017-11-29</subfield>
   <subfield code="o">420 G666</subfield>
   <subfield code="p">MD.03406</subfield>
   <subfield code="r">2017-11-29</subfield>
   <subfield code="v">186000.00</subfield>
   <subfield code="w">2017-11-29</subfield>
   <subfield code="y">BK</subfield>
  </datafield>
  <datafield tag="952" ind1=" " ind2=" ">
   <subfield code="0">0</subfield>
   <subfield code="1">0</subfield>
   <subfield code="2">ddc</subfield>
   <subfield code="4">0</subfield>
   <subfield code="6">420_000000000000000_G666</subfield>
   <subfield code="7">0</subfield>
   <subfield code="9">4709</subfield>
   <subfield code="a">000001</subfield>
   <subfield code="b">000001</subfield>
   <subfield code="d">2017-11-29</subfield>
   <subfield code="o">420 G666</subfield>
   <subfield code="p">MD.03407</subfield>
   <subfield code="r">2017-11-29</subfield>
   <subfield code="v">186000.00</subfield>
   <subfield code="w">2017-11-29</subfield>
   <subfield code="y">BK</subfield>
  </datafield>
  <datafield tag="952" ind1=" " ind2=" ">
   <subfield code="0">0</subfield>
   <subfield code="1">0</subfield>
   <subfield code="2">ddc</subfield>
   <subfield code="4">0</subfield>
   <subfield code="6">420_000000000000000_G666</subfield>
   <subfield code="7">0</subfield>
   <subfield code="9">4710</subfield>
   <subfield code="a">000001</subfield>
   <subfield code="b">000001</subfield>
   <subfield code="d">2017-11-29</subfield>
   <subfield code="o">420 G666</subfield>
   <subfield code="p">MD.03408</subfield>
   <subfield code="r">2017-11-29</subfield>
   <subfield code="v">186000.00</subfield>
   <subfield code="w">2017-11-29</subfield>
   <subfield code="y">BK</subfield>
  </datafield>
  <datafield tag="952" ind1=" " ind2=" ">
   <subfield code="0">0</subfield>
   <subfield code="1">0</subfield>
   <subfield code="2">ddc</subfield>
   <subfield code="4">0</subfield>
   <subfield code="6">420_000000000000000_G666</subfield>
   <subfield code="7">0</subfield>
   <subfield code="9">4711</subfield>
   <subfield code="a">000001</subfield>
   <subfield code="b">000001</subfield>
   <subfield code="d">2017-11-29</subfield>
   <subfield code="o">420 G666</subfield>
   <subfield code="p">MD.03409</subfield>
   <subfield code="r">2017-11-29</subfield>
   <subfield code="v">186000.00</subfield>
   <subfield code="w">2017-11-29</subfield>
   <subfield code="y">BK</subfield>
  </datafield>
  <datafield tag="952" ind1=" " ind2=" ">
   <subfield code="0">0</subfield>
   <subfield code="1">0</subfield>
   <subfield code="2">ddc</subfield>
   <subfield code="4">0</subfield>
   <subfield code="6">420_000000000000000_G666</subfield>
   <subfield code="7">0</subfield>
   <subfield code="9">4712</subfield>
   <subfield code="a">000001</subfield>
   <subfield code="b">000001</subfield>
   <subfield code="d">2017-11-29</subfield>
   <subfield code="o">420 G666</subfield>
   <subfield code="p">MD.03410</subfield>
   <subfield code="r">2017-11-29</subfield>
   <subfield code="v">186000.00</subfield>
   <subfield code="w">2017-11-29</subfield>
   <subfield code="y">BK</subfield>
  </datafield>
  <datafield tag="952" ind1=" " ind2=" ">
   <subfield code="0">0</subfield>
   <subfield code="1">0</subfield>
   <subfield code="2">ddc</subfield>
   <subfield code="4">0</subfield>
   <subfield code="6">420_000000000000000_G666</subfield>
   <subfield code="7">0</subfield>
   <subfield code="9">4713</subfield>
   <subfield code="a">000001</subfield>
   <subfield code="b">000001</subfield>
   <subfield code="d">2017-11-29</subfield>
   <subfield code="o">420 G666</subfield>
   <subfield code="p">MD.03411</subfield>
   <subfield code="r">2017-11-29</subfield>
   <subfield code="v">186000.00</subfield>
   <subfield code="w">2017-11-29</subfield>
   <subfield code="y">BK</subfield>
  </datafield>
  <datafield tag="980" ind1=" " ind2=" ">
   <subfield code="a">Thư viện Trường Đại học Nam Cần Thơ</subfield>
  </datafield>
 </record>
</collection>
